000 00895nam a2200265 a 4500
001 53049
003 BD-RjUL
005 20211209075911.0
008 161002r19851982nyua b 001 0 eng
020 _a041224280X
035 _a(BD-RjUL)53169
040 _aDLC
_cDLC
_dDLC
_dBD-RjUL
_beng
041 _aeng
082 0 0 _a519.536
_223
_bCOR 1986
100 1 _aCook, R. Dennis.
_9154024
245 1 0 _aResiduals and influence in regression /
_cR. Dennis Cook and Sanford Weisberg.
260 _aNew York :
_bChapman and Hall,
_c1982 [reprint 1986]
300 _ax, 230 p. :
_bill. ;
_c22 cm.
504 _aIncludes index and Bibliography
650 0 _aRegression analysis.
_9118127
700 1 _aWeisberg, Sanford,
_d1947-
_9118125
830 _aMonographs on statistics and applied probability
_9158553
942 _2ddc
_cBK
999 _c53049
_d53049